Удирдагч таны удирдахуйн ухаан (Бичлэгийн дугаар. 1073698)

MARC дэлгэрэнгүй
000 -Удирдлага
Ном зүйн бүртгэл тоо буюу кодлох утгыг агуулсан 00856nam a22002057a 4500
008 - ЕРӨНХИЙ МЭДЭЭЛЭЛ-ЭЛЕМЕНТҮҮДИЙН ӨГӨГДЛИЙН УРТ
fixed length control field 240702b mp ||||| |||| 00| 0 mon d
035 ## - СИСТЕМИЙН ХЯНАЛТЫН ДУГААР
Системийн хяналтын дугаар 16427
040 ## - ЭХ СУРВАЛЖИЙГ ТОДОРХОЙЛОН БИЧИХ
Анхны каталогийн байгууллага SU1322070
Каталогийн хэл Монгол
Бичлэг хийж нэвтрүүлэх байгууллага MN-UlNLM
Өөрчлүүлэх байгууллага MN-UlNLM
Бичиглэлийн тодорхойлолт rda
041 ## - ХЭЛНИЙ КОД
Текстийн хэлний код/фонограм буюу салангид гарчиг Монгол
042 ## - AUTHENTICATION CODE
Authentication code 42748
084 ## - БУСАД АНГИЛЛЫН ДУГААР
Ангиллын нэр Номын сан номзүйн ангилал
Анги 65.290
Зохиогчийн 3-н тэмдэгт У-233
245 #0 - ҮНДСЭН ГАРЧИГ
Гарчиг Удирдагч таны удирдахуйн ухаан
264 ## - ГАРАЛТЫН МЭДЭЭ
Хэвлэгдсэн газар Улаанбаатар хот
Бүтээгч, хэвлэгч, түгээгч, үйлдвэрлэгчийн нэр Мөнгөн пресс хэвлэлийн ко
Хэвлэгдсэн он 2014
300 ## - ТООНЫ МЭДЭЭ
Хуудасны тоо 307х.
336 ## - АГУУЛГЫН ТӨРӨЛ
Нөөц rdacontent
Агуулгын төрлийн нөхцөл text
Агуулгын төрлийн код txt
337 ## - MEDIA TYPE
Эх сурвалж rdamedia
Файлын төрөл unmediated
Файлын код n
338 ## - CARRIER TYPE
Source rdacarrier
Carrier type term volume
Carrier type code nc
650 ## - Сэдэв
Сэдэв Гарчиг: Манлайлал Төрийн удирдлага Төрийн удирдлага, захиргааны тухай ойлголт Монгол улсын төрийн байгууллагын тогтолцоо Х...
942 ## - ЭЛЕМЕНТИЙН ТӨРӨЛ
Анги Номын сан номзүйн ангилал
Төрөл Ном
Захиалгууд
Буцаан татагдсан төлөв Хасагдсан шалтгаан Гэмтсэн төлөв Данс заагч Захиалах боломжгүй Үндсэн номын сан Одоогийн байршил Салбар танхим Салбар танхим Бүртгэсэн огноо Тавиурын заалт Баркод Үнэ Хамгийн сүүлд байсан огноо Нийт уншлаганд гарсан тоо Дансны дугаар Төрөл
          Сүхбаатар аймаг Сүхбаатар аймаг Сүхбаатар | Нийтийн уншлагын танхим Сүхбаатар | Нийтийн уншлагын танхим 2024-07-05 65.290 У-233 SU13216427-3-1 10000.00 2024-07-05   45309 Ном